| 000 | 00715cam a2200253 4500 | ||
|---|---|---|---|
| 008 | 090401t1996 xxu||||| |||| 00| 0 eng d | ||
| 020 | _a1900858061 | ||
| 035 | _a(Sirsi) u44682 | ||
| 041 | _aeng | ||
| 050 | _a692.5 | ||
| 110 |
_aBuilding Maintenance Information _93229 |
||
| 245 | _aBMI building maintenance price book 1997. | ||
| 250 | _a17th ed. | ||
| 260 |
_aKingston upon Thames _bBuilding Maintenance Information _c1996 |
||
| 300 | _a212p. ; 21cm. | ||
| 350 | _a45 | ||
| 650 | _aBUILT ENVIRONMENT-BUILDING COSTS | ||
| 650 | _aLABOUR COSTS | ||
| 650 | _aMAINTENANCE COSTS | ||
| 650 | _aBUILDING PRICE BOOKS | ||
| 690 | _aBUILT ENVIRONMENT-BUILDING COSTS | ||
| 942 | _n0 | ||
| 948 | _c04/03/1997 | ||
| 999 |
_c91577 _d91577 |
||